Grécka tragédia s falošným happyendom

Zadlženosť Grécka a problematika splatenia pôžičiek. Reštrukturalizácia bez hospodárskeho rastu. Rizikovosť gréckeho záchranného programu. Úspory a škrty v gréckych domácnostiach a ďalšie opatrenia vlády. Možný odchod Grécka z eurozóny.

Saved in:
Bibliographic Details
Main Author: Hölcz, Róbert
Format: Book Chapter
Language:Slovak
Subjects:
Tags: Add Tag
No Tags, Be the first to tag this record!

MARC

LEADER 00000naa a2200000 4500
001 0150609
005 20231006124545.8
041 0 |a slo 
044 |a SK 
245 1 0 |a Grécka tragédia s falošným happyendom  |c Róbert Hölcz 
520 |a Zadlženosť Grécka a problematika splatenia pôžičiek. Reštrukturalizácia bez hospodárskeho rastu. Rizikovosť gréckeho záchranného programu. Úspory a škrty v gréckych domácnostiach a ďalšie opatrenia vlády. Možný odchod Grécka z eurozóny. 
610 2 0 |a dlhy štátne 
610 2 0 |a dlhy verejné 
610 2 0 |a zadlženosť 
610 2 0 |a pôžičky 
610 2 0 |a eurozóna 
610 2 0 |a Európska únia 
610 2 0 |a Grécko 
100 1 |a Hölcz, Róbert